Estadísticas para Disciplinas académicas y artísticas en emojis

Haz click aquí para intentar la prueba.

Estadísticas generales

  • Esta prueba ha sido intentada 53 veces
  • La puntuación promedio es 23 de 68

Estadísticas de respuestas

Respuesta% Correcto
Química
90%
Astronomía
85%
Pintura
85%
Cine
80%
Mecánica
80%
Derecho
75%
Literatura
73%
Matemática
68%
Música
65%
Odontología
63%
Psicología
63%
Veterinaria
60%
Cardiología
58%
Neurología
58%
Botánica
55%
Danza
55%
Meteorología / Climatología
53%
Pediatría
53%
Oftalmología
50%
Comunicación / Periodismo
48%
Historia
48%
Arqueología
45%
Economía
45%
Arquitectura
43%
Otorrinolaringología
40%
Paleontología
40%
Teología
38%
Genética
35%
Geología
35%
Agronomía
33%
Biología Marina
33%
Ecología
33%
Geografía
33%
Informática / Computación
33%
Cartografía
30%
Educación Física
30%
Obstetricia
30%
Enfermería
28%
Filosofía
28%
Hematología
25%
Antropología
23%
Lingüística
23%
Microbiología
23%
Aeronáutica
20%
Neumología
20%
Criminología
18%
Física
18%
Gerontología
18%
Ornitología
18%
Didáctica / Pedagogía
15%
Estadística
15%
Ingeniería Civil
15%
Biblioteconomía / Bibliotecología
13%
Escultura
13%
Micología
13%
Criminalística
10%
Politología
10%
Sociología
10%
Termodinámica
10%
Ictiología
8%
Entomología
5%
Demografía
3%
Herpetología
3%
Ingeniería Industrial
3%
Bromatología
0%
Electrostática
0%
Geodesia
0%
Mastozoología
0%

Distribución de puntuación

Porcentaje por número respondido

Porcentaje de gente con cada puntuación

Historial de tus puntuaciones

No has intentado esta prueba.